[Event "GER CCM-E01-C email"]
[Site "GER email"]
[Date "2017.06.26"]
[Round "?"]
[White "Jansen, Uwe"]
[Black "Latas, Perica"]
[Result "1/2-1/2"]
[WhiteElo "2145"]
[BlackElo "2223"]
[PlyCount "37"]
[EventDate "2017.??.??"]
[EventType "tourn (corr)"]
[EventRounds "13"]
[EventCountry "GER"]
[SourceTitle "Corr 2017"]
[Source "ChessBase"]
[SourceDate "2017.09.19"]
[SourceVersion "1"]
[SourceVersionDate "2017.09.19"]
[SourceQuality "1"]

1. e4 c5 2. c3 Nf6 3. e5 Nd5 4. Nf3 Nc6 5. d4 cxd4 6. cxd4 d6 7. Bc4 Nb6 8. Bb5 dxe5 9. Nxe5 Bd7 10. Nxd7 Qxd7 11. Nc3 e6 12. 0-0 a6 13. Bxc6 Qxc6 14. Bf4 Be7 15. d5 Nxd5 16. Nxd5 Qxd5 17. Qxd5 exd5 18. Rfe1 Rd8 19. Rac1 1/2-1/2

[Event "GER CCM-E01-C email"]
[Site "GER email"]
[Date "2017.06.26"]
[Round "?"]
[White "Latas, Perica"]
[Black "Galvez Ponziano, Ricardo"]
[Result "1/2-1/2"]
[WhiteElo "2223"]
[BlackElo "2242"]
[PlyCount "29"]
[EventDate "2017.??.??"]
[EventType "tourn (corr)"]
[EventRounds "13"]
[EventCountry "GER"]
[SourceTitle "Corr 2017"]
[Source "ChessBase"]
[SourceDate "2017.09.19"]
[SourceVersion "1"]
[SourceVersionDate "2017.09.19"]
[SourceQuality "1"]

1. e4 e5 2. Nf3 Nf6 3. Nxe5 d6 4. Nf3 Nxe4 5. d4 d5 6. Bd3 Nc6 7. 0-0 Be7 8. c4 Nb4 9. Be2 0-0 10. Nc3 Bf5 11. a3 Nxc3 12. bxc3 Nc6 13. cxd5 Qxd5 14. Bf4 Rfe8 15. Re1 1/2-1/2

[Event "GER CCM-E01-C email"]
[Site "GER email"]
[Date "2017.06.26"]
[Round "?"]
[White "Latas, Perica"]
[Black "Karpanov, Vyacheslav Konstant"]
[Result "1-0"]
[WhiteElo "2223"]
[BlackElo "2222"]
[PlyCount "59"]
[EventDate "2017.??.??"]
[EventType "tourn (corr)"]
[EventRounds "13"]
[EventCountry "GER"]
[SourceTitle "Corr 2020"]
[Source "ChessBase"]
[SourceDate "2019.09.30"]
[SourceVersion "1"]
[SourceVersionDate "2019.09.30"]
[SourceQuality "1"]

1. e4 c5 2. Nf3 Nc6 3. Bb5 e6 4. 0-0 Nge7 5. Re1 a6 6. Bf1 Qc7 7. c3 d5 8. d4 cxd4 9. cxd4 b5 10. Nc3 dxe4 11. Rxe4 b4 12. d5 bxc3 13. dxc6 Qxc6 14. Bd3 Nd5 15. Bc2 Qb7 16. bxc3 Be7 17. c4 Nf6 18. Rb1 Nxe4 19. Rxb7 Bxb7 20. Ba4+ Kf8 21. Ba3 Bxa3 22. Qb3 Nd6 23. Qxa3 Ke7 24. Ne5 Rhd8 25. Qb4 Kf6 26. c5 Kxe5 27. f4+ Kf6 28. cxd6 Bd5 29. Qc3+ Kg6 30. Qg3+ 1-0

[Event "GER CCM-E01-C email"]
[Site "GER email"]
[Date "2017.06.26"]
[Round "?"]
[White "Latas, Perica"]
[Black "Kulakiewicz, Mariusz"]
[Result "1/2-1/2"]
[WhiteElo "2223"]
[BlackElo "2242"]
[PlyCount "31"]
[EventDate "2017.??.??"]
[EventType "tourn (corr)"]
[EventRounds "13"]
[EventCountry "GER"]
[SourceTitle "Corr 2017"]
[Source "ChessBase"]
[SourceDate "2017.09.19"]
[SourceVersion "1"]
[SourceVersionDate "2017.09.19"]
[SourceQuality "1"]

1. e4 e5 2. Nf3 Nf6 3. Nxe5 d6 4. Nf3 Nxe4 5. d4 d5 6. Bd3 Bd6 7. 0-0 0-0 8. c4 c6 9. Re1 Bf5 10. Nc3 Nxc3 11. bxc3 Bxd3 12. Qxd3 dxc4 13. Qxc4 Qc7 14. Qd3 Nd7 15. Be3 c5 16. Rab1 1/2-1/2

[Event "GER CCM-E01-C email"]
[Site "GER email"]
[Date "2017.06.26"]
[Round "?"]
[White "Latas, Perica"]
[Black "Simeonov, Lyuben"]
[Result "1/2-1/2"]
[WhiteElo "2223"]
[BlackElo "2223"]
[PlyCount "34"]
[EventDate "2017.??.??"]
[EventType "tourn (corr)"]
[EventRounds "13"]
[EventCountry "GER"]
[SourceTitle "Corr 2017"]
[Source "ChessBase"]
[SourceDate "2017.09.19"]
[SourceVersion "1"]
[SourceVersionDate "2017.09.19"]
[SourceQuality "1"]

1. e4 c5 2. Nf3 d6 3. d4 cxd4 4. Nxd4 Nf6 5. Nc3 a6 6. Be3 e5 7. Nb3 Be7 8. f3 Be6 9. Qd2 0-0 10. 0-0-0 Nbd7 11. g4 b5 12. g5 b4 13. Ne2 Ne8 14. f4 a5 15. f5 a4 16. fxe6 axb3 17. exf7+ Rxf7 1/2-1/2

[Event "GER CCM-E01-C email"]
[Site "GER email"]
[Date "2017.06.26"]
[Round "?"]
[White "Maliszewski, Grzegorz"]
[Black "Latas, Perica"]
[Result "1/2-1/2"]
[WhiteElo "2250"]
[BlackElo "2223"]
[PlyCount "59"]
[EventDate "2017.??.??"]
[EventType "tourn (corr)"]
[EventRounds "13"]
[EventCountry "GER"]
[SourceTitle "Corr 2020"]
[Source "ChessBase"]
[SourceDate "2019.09.30"]
[SourceVersion "1"]
[SourceVersionDate "2019.09.30"]
[SourceQuality "1"]

1. e4 c5 2. Nf3 d6 3. d4 cxd4 4. Nxd4 Nf6 5. Nc3 a6 6. Bg5 Nbd7 7. Qe2 b5 8. f4 e5 9. fxe5 Nxe5 10. a4 bxa4 11. Bxf6 Qxf6 12. Nd5 Qd8 13. Rxa4 Be7 14. Nf5 Bxf5 15. exf5 Rb8 16. b3 0-0 17. g3 Bg5 18. Bg2 a5 19. 0-0 Nd7 20. Rfa1 Re8 21. Re4 Rf8 22. Qe1 Rc8 23. Re2 Rc5 24. Rd1 Qc8 25. Be4 Re8 26. Kg2 Kf8 27. Qf2 a4 28. Qf3 Bf6 29. bxa4 Ra5 30. Nxf6 1/2-1/2

[Event "GER CCM-E01-C email"]
[Site "GER email"]
[Date "2017.06.26"]
[Round "?"]
[White "Neuburger, Irene"]
[Black "Latas, Perica"]
[Result "1/2-1/2"]
[WhiteElo "2172"]
[BlackElo "2223"]
[PlyCount "35"]
[EventDate "2017.??.??"]
[EventType "tourn (corr)"]
[EventRounds "13"]
[EventCountry "GER"]
[SourceTitle "Corr 2017"]
[Source "ChessBase"]
[SourceDate "2017.09.19"]
[SourceVersion "1"]
[SourceVersionDate "2017.09.19"]
[SourceQuality "1"]

1. e4 e5 2. Nf3 Nc6 3. Bb5 a6 4. Ba4 Nf6 5. 0-0 Be7 6. Re1 b5 7. Bb3 0-0 8. c3 d5 9. exd5 Nxd5 10. Nxe5 Nxe5 11. Rxe5 c6 12. d3 Bd6 13. Re1 Bf5 14. Qf3 Qf6 15. Nd2 Qg6 16. Bd1 Bxd3 17. Ne4 Bxe4 18. Qxe4 1/2-1/2